000 00543nam a2200181Ia 4500
005 20250508160053.0
008 008 250505s9999 xx 000 0 eng d
037 _aTextual
040 _aFEDL
_beng
_cFEDL
041 _aeng
_2eng
084 _a373.73, CAS
_qFEDL
100 _aCaswell Hollis L
_9756330
245 0 _aAmerican high school : Its responsiblity and opportunity
260 _aNew York, USA
_bHarper and Brothers Publishers
_c1946
300 _a264p.
942 _cTEXL
_h373.73, CAS
999 _c1361498
_d1361498